000
00340 a2200157 4500
001
155494
040
_c
Escola São Tomás de Aquino
100
_a
BRAGANÇA, Agiolina
240
1
0
_a
Porta aberta
_l
por
245
1
0
_a
Porta aberta
300
_a
2722014
362
0
_a
2014
440
1
_a
FTD
697
_a
Língua portuguesa
942
_c
BK
999
_c
155494
_d
155494